[Event "Benidorm Satellite preliminary"]
[Site "playchess.com #007036"]
[Date "2009.10.24"]
[Round "4"]
[White "Pupu"]
[Black "Planescape"]
[Result "0-1"]
[WhiteElo "2085"]
[BlackElo "1712"]
[PlyCount "158"]
[EventDate "2009.10.24"]
[EventType "swiss (blitz)"]

1. e4 {[%emt 0:00:03]} d5 {[%emt 0:00:01]} 2. exd5 {[%emt 0:00:07]} Qxd5 {
[%emt 0:00:02]} 3. Nf3 {[%emt 0:00:02]} Bg4 {[%emt 0:00:05]} 4. Be2 {[%emt 0:
00:01]} Nc6 {[%emt 0:00:03]} 5. Nc3 {[%emt 0:00:01]} Qh5 {[%emt 0:00:03]} 6. d3
{[%emt 0:00:05]} O-O-O {[%emt 0:00:03]} 7. Be3 {[%emt 0:00:02]} Nf6 {[%emt 0:
00:03]} 8. O-O {[%emt 0:00:09]} e5 {[%emt 0:00:01]} 9. Nd2 {[%emt 0:00:17]}
Bxe2 {[%emt 0:00:11]} 10. Qxe2 {[%emt 0:00:01]} Qxe2 {[%emt 0:00:02]} 11. Nxe2
{[%emt 0:00:01]} Bd6 {[%emt 0:00:08]} 12. Ne4 {[%emt 0:00:07]} Nxe4 {[%emt 0:
00:03]} 13. dxe4 {[%emt 0:00:01]} g6 {[%emt 0:00:04]} 14. Rfd1 {[%emt 0:00:17]}
f5 {[%emt 0:00:01]} 15. f3 {[%emt 0:00:07]} f4 {[%emt 0:00:06]} 16. Bf2 {[%emt
0:00:03]} g5 {[%emt 0:00:11]} 17. c3 {[%emt 0:00:10]} h5 {[%emt 0:00:05]} 18.
Rd3 {[%emt 0:00:21]} Be7 {[%emt 0:00:02]} 19. Rad1 {[%emt 0:00:02]} Rxd3 {
[%emt 0:00:01]} 20. Rxd3 {[%emt 0:00:01]} Rd8 {[%emt 0:00:01]} 21. Rxd8+ {
[%emt 0:00:01]} Kxd8 {[%emt 0:00:02]} 22. Nc1 {[%emt 0:00:03]} b5 {[%emt 0:00:
03]} 23. Nd3 {[%emt 0:00:01]} a6 {[%emt 0:00:02]} 24. h3 {[%emt 0:00:08]} Kd7 {
[%emt 0:00:02]} 25. Kf1 {[%emt 0:00:02]} a5 {[%emt 0:00:08]} 26. Ke2 {[%emt 0:
00:02]} b4 {[%emt 0:00:01]} 27. c4 {[%emt 0:00:03]} Nd4+ {[%emt 0:00:07]} 28.
Bxd4 {[%emt 0:00:04]} exd4 {[%emt 0:00:01]} 29. b3 {[%emt 0:00:02]} Kc6 {[%emt
0:00:09]} 30. Nc1 {[%emt 0:00:02]} Kc5 {[%emt 0:00:04]} 31. Kd3 {[%emt 0:00:01]
} Bf6 {[%emt 0:00:03]} 32. Ne2 {[%emt 0:00:02]} h4 {[%emt 0:00:06]} 33. Nc1 {
[%emt 0:00:06]} Kd6 {[%emt 0:00:01]} 34. Kc2 {[%emt 0:00:04]} c5 {[%emt 0:00:
01]} 35. Nd3 {[%emt 0:00:04]} Be5 {[%emt 0:00:07]} 36. Nf2 {[%emt 0:00:02]} Bf6
{[%emt 0:00:09]} 37. Ng4 {[%emt 0:00:01]} Be5 {[%emt 0:00:01]} 38. Kd3 {[%emt
0:00:01]} Bh8 {[%emt 0:00:06]} 39. Nh6 {[%emt 0:00:03]} Ke6 {[%emt 0:00:15]}
40. Ng4 {[%emt 0:00:10]} Kd6 {[%emt 0:00:05]} 41. Nf2 {[%emt 0:00:01]} Ke5 {
[%emt 0:00:03]} 42. Ke2 {[%emt 0:00:03]} Kd6 {[%emt 0:00:02]} 43. Nd3 {[%emt 0:
00:01]} Be5 {[%emt 0:00:03]} 44. Kd2 {[%emt 0:00:01]} Bf6 {[%emt 0:00:02]} 45.
Kc2 {[%emt 0:00:01]} Be5 {[%emt 0:00:01]} 46. Kb2 {[%emt 0:00:01]} Bf6 {[%emt
0:00:01]} 47. a3 {[%emt 0:00:01]} Be5 {[%emt 0:00:03]} 48. axb4 {[%emt 0:00:02]
} axb4 {[%emt 0:00:01]} 49. Kc2 {[%emt 0:00:01]} Bf6 {[%emt 0:00:01]} 50. Nb2 {
[%emt 0:00:02]} Be5 {[%emt 0:00:04]} 51. Kd3 {[%emt 0:00:01]} Bf6 {[%emt 0:00:
01]} 52. Na4 {[%emt 0:00:01]} Be5 {[%emt 0:00:02]} 53. Nb6 {[%emt 0:00:01]} Bf6
{[%emt 0:00:07]} 54. Na4 {[%emt 0:00:05]} Be5 {[%emt 0:00:03]} 55. Nb2 {[%emt
0:00:01]} Bf6 {[%emt 0:00:01]} 56. Nd1 {[%emt 0:00:01]} Be5 {[%emt 0:00:01]}
57. Nf2 {[%emt 0:00:01]} Bg7 {[%emt 0:00:03]} 58. Ng4 {[%emt 0:00:02]} Be5 {
[%emt 0:00:06]} 59. Ke2 {[%emt 0:00:02]} Bg7 {[%emt 0:00:03]} 60. Nf2 {[%emt 0:
00:03]} Be5 {[%emt 0:00:02]} 61. Kd3 {[%emt 0:00:02]} Bg7 {[%emt 0:00:03]} 62.
Ng4 {[%emt 0:00:01]} Ke6 {[%emt 0:00:01]} 63. e5 {[%emt 0:00:04]} Bxe5 {[%emt
0:00:04]} 64. Ke4 {[%emt 0:00:01]} Bg7 {[%emt 0:00:03]} 65. Nf2 {[%emt 0:00:01]
} Be5 {[%emt 0:00:08]} 66. Nd3 {[%emt 0:00:01]} Bd6 {[%emt 0:00:02]} 67. Nb2 {
[%emt 0:00:05]} Be5 {[%emt 0:00:02]} 68. Na4 {[%emt 0:00:02]} Bd6 {[%emt 0:00:
01]} 69. Nb6 {[%emt 0:00:02]} Be5 {[%emt 0:00:06]} 70. Na4 {[%emt 0:00:04]} Bd6
{[%emt 0:00:01]} 71. Nb2 {[%emt 0:00:01]} Be5 {[%emt 0:00:01]} 72. Nd3 {[%emt
0:00:01]} Bd6 {[%emt 0:00:01]} 73. Nf2 {[%emt 0:00:01]} Be5 {[%emt 0:00:02]}
74. Ng4 {[%emt 0:00:01]} Bd6 {[%emt 0:00:02]} 75. Nh6 {[%emt 0:00:01]} Be5 {
[%emt 0:00:04]} 76. Nf5 {[%emt 0:00:02]} d3 {[%emt 0:00:03]} 77. Nxh4 {[%emt 0:
00:10]} d2 {[%emt 0:00:01]} 78. Ng6 {[%emt 0:00:02]} d1=Q {[%emt 0:00:02]} 79.
Nxe5 {[%emt 0:00:02]} Qd4# {[%emt 0:00:03]} 0-1

[Event "Benidorm Satellite preliminary"]
[Site "playchess.com #007036"]
[Date "2009.10.24"]
[Round "4"]
[White "Kendo"]
[Black "Jiriki"]
[Result "1-0"]
[WhiteElo "2657"]
[BlackElo "2530"]
[PlyCount "103"]
[EventDate "2009.10.24"]
[EventType "swiss (blitz)"]

1. d4 {[%emt 0:00:03]} e6 {[%emt 0:00:01]} 2. Nf3 {[%emt 0:00:03]} d5 {[%emt 0:
00:01]} 3. c4 {[%emt 0:00:03]} Nf6 {[%emt 0:00:00]} 4. Nc3 {[%emt 0:00:02]} Be7
{[%emt 0:00:01]} 5. cxd5 {[%emt 0:00:02]} exd5 {[%emt 0:00:01]} 6. Qc2 {[%emt
0:00:01]} c5 {[%emt 0:00:06]} 7. Bg5 {[%emt 0:00:07]} cxd4 {[%emt 0:00:07]} 8.
Nxd4 {[%emt 0:00:03]} Nc6 {[%emt 0:00:02]} 9. e3 {[%emt 0:00:04]} Nxd4 {[%emt
0:00:04]} 10. exd4 {[%emt 0:00:02]} O-O {[%emt 0:00:00]} 11. Bd3 {[%emt 0:00:
04]} h6 {[%emt 0:00:06]} 12. Bf4 {[%emt 0:00:08]} Qb6 {[%emt 0:00:13]} 13.
O-O-O {[%emt 0:00:09]} Be6 {[%emt 0:00:06]} 14. Qb3 {[%emt 0:00:21]} Qxb3 {
[%emt 0:00:12]} 15. axb3 {[%emt 0:00:00]} Rac8 {[%emt 0:00:07]} 16. Kb1 {[%emt
0:00:04]} a6 {[%emt 0:00:04]} 17. f3 {[%emt 0:00:09]} Nd7 {[%emt 0:00:13]} 18.
Rhe1 {[%emt 0:00:07]} Bf6 {[%emt 0:00:02]} 19. Bc2 {[%emt 0:00:26]} Rfd8 {
[%emt 0:00:16]} 20. Re2 {[%emt 0:00:14]} Nb8 {[%emt 0:00:06]} 21. Bxb8 {[%emt
0:00:14]} Rxb8 {[%emt 0:00:01]} 22. Na4 {[%emt 0:00:09]} Be7 {[%emt 0:00:15]}
23. Bd3 {[%emt 0:00:08]} Rbc8 {[%emt 0:00:14]} 24. h3 {[%emt 0:00:17]} Bd6 {
[%emt 0:00:05]} 25. Rf1 {[%emt 0:00:06]} Bf4 {[%emt 0:00:03]} 26. Nc5 {[%emt 0:
00:04]} Rd6 {[%emt 0:00:30]} 27. Nxb7 {[%emt 0:00:05]} Rb6 {[%emt 0:00:01]} 28.
Nc5 {[%emt 0:00:00]} Rcb8 {[%emt 0:00:11]} 29. Bc2 {[%emt 0:00:04]} a5 {[%emt
0:00:12]} 30. Rfe1 {[%emt 0:00:11]} Bg3 {[%emt 0:00:02]} 31. Rd1 {[%emt 0:00:
07]} Bf4 {[%emt 0:00:03]} 32. Ka2 {[%emt 0:00:06]} Kf8 {[%emt 0:00:07]} 33. g4
{[%emt 0:00:02]} Ke7 {[%emt 0:00:04]} 34. Bf5 {[%emt 0:00:10]} Kf6 {[%emt 0:00:
05]} 35. Bxe6 {[%emt 0:00:03]} fxe6 {[%emt 0:00:00]} 36. Nd7+ {[%emt 0:00:01]}
Kf7 {[%emt 0:00:03]} 37. Nxb8 {[%emt 0:00:01]} Rxb8 {[%emt 0:00:01]} 38. Rc2 {
[%emt 0:00:00]} Rb6 {[%emt 0:00:01]} 39. Rc5 {[%emt 0:00:06]} Ra6 {[%emt 0:00:
04]} 40. Rd3 {[%emt 0:00:07]} Ke7 {[%emt 0:00:03]} 41. Rb5 {[%emt 0:00:02]} Bd6
{[%emt 0:00:04]} 42. h4 {[%emt 0:00:02]} Kf6 {[%emt 0:00:02]} 43. Rb7 {[%emt 0:
00:01]} Bg3 {[%emt 0:00:05]} 44. h5 {[%emt 0:00:01]} Bd6 {[%emt 0:00:01]} 45.
Rc3 {[%emt 0:00:04]} a4 {[%emt 0:00:04]} 46. b4 {[%emt 0:00:01]} Ra8 {[%emt 0:
00:04]} 47. Rc6 {[%emt 0:00:03]} Rd8 {[%emt 0:00:03]} 48. Rbb6 {[%emt 0:00:04]}
Ke7 {[%emt 0:00:03]} 49. b5 {[%emt 0:00:01]} e5 {[%emt 0:00:01]} 50. dxe5 {
[%emt 0:00:02]} Bxe5 {[%emt 0:00:01]} 51. Re6+ {[%emt 0:00:01]} Kf7 {[%emt 0:
00:01]} 52. Rxe5 {[%emt 0:00:00] Jiriki gibt auf} 1-0

[Event "Benidorm Satellite preliminary"]
[Site "playchess.com #007036"]
[Date "2009.10.24"]
[Round "4"]
[White "Goldaxe"]
[Black "High_me"]
[Result "0-1"]
[WhiteElo "2082"]
[BlackElo "2527"]
[PlyCount "104"]
[EventDate "2009.10.24"]
[EventType "swiss (blitz)"]

1. Nf3 {[%emt 0:00:02]} Nf6 {[%emt 0:00:01]} 2. c4 {[%emt 0:00:01]} g6 {[%emt
0:00:01]} 3. b4 {[%emt 0:00:01]} Bg7 {[%emt 0:00:01]} 4. Bb2 {[%emt 0:00:01]}
O-O {[%emt 0:00:01]} 5. g3 {[%emt 0:00:01]} d6 {[%emt 0:00:04]} 6. Bg2 {[%emt
0:00:01]} c5 {[%emt 0:00:01]} 7. a3 {[%emt 0:00:08]} Nc6 {[%emt 0:00:28]} 8. b5
{[%emt 0:00:09]} Na5 {[%emt 0:00:01]} 9. d3 {[%emt 0:00:04]} e5 {[%emt 0:00:01]
} 10. O-O {[%emt 0:00:03]} Rb8 {[%emt 0:00:01]} 11. Nfd2 {[%emt 0:00:04]} b6 {
[%emt 0:00:02]} 12. Nb3 {[%emt 0:00:02]} Nxb3 {[%emt 0:00:03]} 13. Qxb3 {[%emt
0:00:00]} Re8 {[%emt 0:00:04]} 14. Nc3 {[%emt 0:00:02]} a5 {[%emt 0:00:19]} 15.
bxa6 {[%emt 0:00:05]} Bxa6 {[%emt 0:00:01]} 16. Nd5 {[%emt 0:00:11]} Nxd5 {
[%emt 0:00:03]} 17. Bxd5 {[%emt 0:00:01]} Qd7 {[%emt 0:00:03]} 18. a4 {[%emt 0:
00:06]} Kh8 {[%emt 0:00:03]} 19. Bc3 {[%emt 0:00:02]} f5 {[%emt 0:00:02]} 20.
Qc2 {[%emt 0:00:13]} Rf8 {[%emt 0:00:03]} 21. f4 {[%emt 0:00:07]} Bb7 {[%emt 0:
00:09]} 22. Rab1 {[%emt 0:00:07]} Bxd5 {[%emt 0:00:03]} 23. cxd5 {[%emt 0:00:
01]} Kg8 {[%emt 0:00:34]} 24. Rb5 {[%emt 0:00:04]} exf4 {[%emt 0:00:12]} 25.
Rxf4 {[%emt 0:00:12]} Rfe8 {[%emt 0:00:02]} 26. e4 {[%emt 0:00:04]} Bh6 {[%emt
0:00:15]} 27. Rf1 {[%emt 0:00:12]} fxe4 {[%emt 0:00:11]} 28. dxe4 {[%emt 0:00:
02]} Be3+ {[%emt 0:00:01]} 29. Kg2 {[%emt 0:00:03]} Qg4 {[%emt 0:00:01]} 30. a5
{[%emt 0:00:25]} bxa5 {[%emt 0:00:11]} 31. Rxb8 {[%emt 0:00:12]} Rxb8 {[%emt 0:
00:00]} 32. Bxa5 {[%emt 0:00:04]} Bd4 {[%emt 0:00:01]} 33. Rb1 {[%emt 0:00:18]}
Rf8 {[%emt 0:00:20]} 34. Rf1 {[%emt 0:00:02]} Rxf1 {[%emt 0:00:03]} 35. Kxf1 {
[%emt 0:00:01]} Qf3+ {[%emt 0:00:00]} 36. Ke1 {[%emt 0:00:03]} Qh1+ {[%emt 0:
00:00]} 37. Kd2 {[%emt 0:00:07]} Qxh2+ {[%emt 0:00:02]} 38. Kd1 {[%emt 0:00:01]
} Qxg3 {[%emt 0:00:17]} 39. Qa4 {[%emt 0:00:09]} Qd3+ {[%emt 0:00:16]} 40. Bd2
{[%emt 0:00:02]} Qf3+ {[%emt 0:00:12]} 41. Kc2 {[%emt 0:00:07] .} Qxe4+ {[%emt
0:00:01]} 42. Kd1 {[%emt 0:00:02]} Qh1+ {[%emt 0:00:01]} 43. Kc2 {[%emt 0:00:
02]} Qe4+ {[%emt 0:00:01]} 44. Kd1 {[%emt 0:00:01]} Qe7 {[%emt 0:00:01]} 45.
Qc6 {[%emt 0:00:06]} h5 {[%emt 0:00:02]} 46. Qc8+ {[%emt 0:00:07]} Kh7 {[%emt
0:00:01]} 47. Bf4 {[%emt 0:00:06]} Be5 {[%emt 0:00:01]} 48. Bxe5 {[%emt 0:00:
04]} Qxe5 {[%emt 0:00:00]} 49. Qd7+ {[%emt 0:00:02]} Kh6 {[%emt 0:00:00]} 50.
Qf7 {[%emt 0:00:03]} Kg5 {[%emt 0:00:07]} 51. Kd2 {[%emt 0:00:04]} h4 {[%emt 0:
00:00]} 52. Kd3 {[%emt 0:00:02]} Qf5+ {[%emt 0:00:01] Goldaxe resigns} 0-1

[Event "Benidorm Satellite preliminary"]
[Site "playchess.com #007036"]
[Date "2009.10.24"]
[Round "4"]
[White "RKO DRM"]
[Black "jchess06"]
[Result "1/2-1/2"]
[WhiteElo "1664"]
[BlackElo "1823"]
[PlyCount "148"]
[EventDate "2009.10.24"]
[EventType "swiss (blitz)"]

1. d4 {[%emt 0:00:04]} e6 {[%emt 0:00:01]} 2. c4 {[%emt 0:00:04]} d5 {[%emt 0:
00:00]} 3. e3 {[%emt 0:00:01]} dxc4 {[%emt 0:00:01]} 4. Bxc4 {[%emt 0:00:02]}
c5 {[%emt 0:00:00]} 5. Nf3 {[%emt 0:00:05]} Nc6 {[%emt 0:00:03]} 6. Nc3 {[%emt
0:00:01]} cxd4 {[%emt 0:00:02]} 7. Nxd4 {[%emt 0:00:01]} Nxd4 {[%emt 0:00:01]}
8. exd4 {[%emt 0:00:01]} a6 {[%emt 0:00:02]} 9. Be3 {[%emt 0:00:01]} b5 {[%emt
0:00:01]} 10. Be2 {[%emt 0:00:04]} Bb7 {[%emt 0:00:01]} 11. O-O {[%emt 0:00:02]
} Nf6 {[%emt 0:00:02]} 12. Qb3 {[%emt 0:00:03]} Nd5 {[%emt 0:00:07]} 13. Rac1 {
[%emt 0:00:22]} Rc8 {[%emt 0:00:03]} 14. Qd1 {[%emt 0:00:07]} Bb4 {[%emt 0:00:
05]} 15. Nxd5 {[%emt 0:00:21]} Bxd5 {[%emt 0:00:07]} 16. a3 {[%emt 0:00:05]}
Ba5 {[%emt 0:00:03]} 17. b4 {[%emt 0:00:03]} Bb6 {[%emt 0:00:02]} 18. Qd2 {
[%emt 0:00:02]} O-O {[%emt 0:00:03]} 19. Bd3 {[%emt 0:00:07]} Bb7 {[%emt 0:00:
03]} 20. Qe2 {[%emt 0:00:09]} Bxd4 {[%emt 0:00:04]} 21. Rxc8 {[%emt 0:00:09]}
Bxc8 {[%emt 0:00:02]} 22. Rd1 {[%emt 0:00:01]} e5 {[%emt 0:00:11]} 23. Qh5 {
[%emt 0:00:13]} g6 {[%emt 0:00:02]} 24. Qh6 {[%emt 0:00:06]} Bxe3 {[%emt 0:00:
04]} 25. Qxe3 {[%emt 0:00:01]} Bf5 {[%emt 0:00:03]} 26. Rd2 {[%emt 0:00:12]}
Bxd3 {[%emt 0:00:03]} 27. Rxd3 {[%emt 0:00:01]} Qc7 {[%emt 0:00:01]} 28. Rc3 {
[%emt 0:00:06]} Qd6 {[%emt 0:00:02]} 29. h3 {[%emt 0:00:06]} Qd4 {[%emt 0:00:
01]} 30. Rd3 {[%emt 0:00:07]} Qxe3 {[%emt 0:00:03]} 31. Rxe3 {[%emt 0:00:03]}
f6 {[%emt 0:00:01]} 32. Rc3 {[%emt 0:00:04]} Ra8 {[%emt 0:00:07]} 33. Kf1 {
[%emt 0:00:01]} a5 {[%emt 0:00:02]} 34. Rc5 {[%emt 0:00:04]} axb4 {[%emt 0:00:
02]} 35. axb4 {[%emt 0:00:01]} Rb8 {[%emt 0:00:04]} 36. Ke2 {[%emt 0:00:04]}
Kg7 {[%emt 0:00:02]} 37. Ke3 {[%emt 0:00:06]} Kh6 {[%emt 0:00:02]} 38. g3 {
[%emt 0:00:07]} Kg5 {[%emt 0:00:03]} 39. f4+ {[%emt 0:00:05]} Kf5 {[%emt 0:00:
02]} 40. g4+ {[%emt 0:00:07]} Ke6 {[%emt 0:00:01]} 41. Rc6+ {[%emt 0:00:06]}
Kd5 {[%emt 0:00:06]} 42. Rxf6 {[%emt 0:00:04]} exf4+ {[%emt 0:00:01]} 43. Kxf4
{[%emt 0:00:01]} Rb7 {[%emt 0:00:01]} 44. Kg5 {[%emt 0:00:04] RKO DRM ofrece
tablas} Kc4 {[%emt 0:00:03]} 45. Rf4+ {[%emt 0:00:01]} Kb3 {[%emt 0:00:02]} 46.
h4 {[%emt 0:00:01]} Rc7 {[%emt 0:00:01]} 47. h5 {[%emt 0:00:06]} gxh5 {[%emt 0:
00:02]} 48. Kxh5 {[%emt 0:00:01]} Rg7 {[%emt 0:00:11]} 49. Kh6 {[%emt 0:00:12]}
Rc7 {[%emt 0:00:01]} 50. g5 {[%emt 0:00:02]} Rd7 {[%emt 0:00:04]} 51. Kh5 {
[%emt 0:00:07]} Rd1 {[%emt 0:00:08]} 52. Kh6 {[%emt 0:00:01]} Rh1+ {[%emt 0:00:
01]} 53. Kg7 {[%emt 0:00:01]} Rh5 {[%emt 0:00:01]} 54. Kf6 {[%emt 0:00:02]} Rh3
{[%emt 0:00:03]} 55. Kg7 {[%emt 0:00:01]} Rg3 {[%emt 0:00:04]} 56. Kh6 {[%emt
0:00:01]} Rg2 {[%emt 0:00:03]} 57. Kh5 {[%emt 0:00:05]} Rh2+ {[%emt 0:00:04]}
58. Kg4 {[%emt 0:00:02]} Rc2 {[%emt 0:00:01]} 59. Kh5 {[%emt 0:00:03]} Rh2+ {
[%emt 0:00:10]} 60. Kg4 {[%emt 0:00:01] RKO DRM ofrece tablas} Rh1 {[%emt 0:00:
03]} 61. Kf5 {[%emt 0:00:06]} Rc1 {[%emt 0:00:08]} 62. Kf6 {[%emt 0:00:02]} Rc4
{[%emt 0:00:02]} 63. Rxc4 {[%emt 0:00:11]} bxc4 {[%emt 0:00:01]} 64. b5 {[%emt
0:00:01]} c3 {[%emt 0:00:01]} 65. b6 {[%emt 0:00:01]} c2 {[%emt 0:00:00]} 66.
b7 {[%emt 0:00:00]} c1=Q {[%emt 0:00:01]} 67. b8=Q+ {[%emt 0:00:01]} Ka4 {
[%emt 0:00:02]} 68. Qa7+ {[%emt 0:00:04]} Kb3 {[%emt 0:00:05]} 69. Qb6+ {[%emt
0:00:01]} Ka4 {[%emt 0:00:02]} 70. Qa6+ {[%emt 0:00:01]} Kb3 {[%emt 0:00:02]}
71. Qb5+ {[%emt 0:00:01]} Ka3 {[%emt 0:00:03]} 72. Qa5+ {[%emt 0:00:04]} Kb3 {
[%emt 0:00:02]} 73. Qb5+ {[%emt 0:00:02]} Ka3 {[%emt 0:00:01] jchess06 propose
la nulle} 74. Qa5+ {[%emt 0:00:02]} Kb3 {[%emt 0:00:01]} 1/2-1/2

[Event "Benidorm Satellite preliminary"]
[Site "playchess.com #007036"]
[Date "2009.10.24"]
[Round "4"]
[White "Vijayvikram"]
[Black "Masfouf"]
[Result "1-0"]
[WhiteElo "1743"]
[BlackElo "2080"]
[PlyCount "115"]
[EventDate "2009.10.24"]
[EventType "swiss (blitz)"]

1. e4 {[%emt 0:00:01]} c5 {[%emt 0:00:03]} 2. d3 {[%emt 0:00:02]} d6 {[%emt 0:
00:01]} 3. Nd2 {[%emt 0:00:01]} Nc6 {[%emt 0:00:01]} 4. Ngf3 {[%emt 0:00:01]}
Nf6 {[%emt 0:00:00]} 5. g3 {[%emt 0:00:01]} e5 {[%emt 0:00:01]} 6. Bg2 {[%emt
0:00:01]} Be7 {[%emt 0:00:00]} 7. O-O {[%emt 0:00:01]} O-O {[%emt 0:00:00]} 8.
c3 {[%emt 0:00:01]} Bg4 {[%emt 0:00:01]} 9. Qc2 {[%emt 0:00:02]} Qd7 {[%emt 0:
00:01]} 10. Re1 {[%emt 0:00:02]} b5 {[%emt 0:00:02]} 11. a4 {[%emt 0:00:02]} a6
{[%emt 0:00:02]} 12. Nf1 {[%emt 0:00:06]} h6 {[%emt 0:00:03]} 13. Ne3 {[%emt 0:
00:02]} b4 {[%emt 0:00:03]} 14. Nxg4 {[%emt 0:00:08]} Qxg4 {[%emt 0:00:03]} 15.
h3 {[%emt 0:00:08]} Qe6 {[%emt 0:00:04]} 16. Kh2 {[%emt 0:00:01]} b3 {[%emt 0:
00:01]} 17. Qe2 {[%emt 0:00:06]} Rab8 {[%emt 0:00:02]} 18. Nh4 {[%emt 0:00:15]}
Rfc8 {[%emt 0:00:04]} 19. Nf5 {[%emt 0:00:02]} Bf8 {[%emt 0:00:01]} 20. f4 {
[%emt 0:00:07]} g6 {[%emt 0:00:06]} 21. fxe5 {[%emt 0:00:14]} Nxe5 {[%emt 0:00:
02]} 22. Nxh6+ {[%emt 0:00:04]} Bxh6 {[%emt 0:00:01]} 23. Bxh6 {[%emt 0:00:01]}
c4 {[%emt 0:00:00]} 24. d4 {[%emt 0:00:02]} Nd3 {[%emt 0:00:01]} 25. Rf1 {
[%emt 0:00:03]} Re8 {[%emt 0:00:20]} 26. d5 {[%emt 0:00:49]} Qe5 {[%emt 0:00:
14]} 27. Bf4 {[%emt 0:00:05]} Qh5 {[%emt 0:00:03]} 28. Qxh5 {[%emt 0:00:12]}
Nxh5 {[%emt 0:00:01]} 29. Bxd6 {[%emt 0:00:02]} Rbd8 {[%emt 0:00:04]} 30. Bc7 {
[%emt 0:00:05]} Rd7 {[%emt 0:00:01]} 31. d6 {[%emt 0:00:03]} Nxb2 {[%emt 0:00:
01]} 32. a5 {[%emt 0:00:15]} Ng7 {[%emt 0:00:04]} 33. Rae1 {[%emt 0:00:07]} Nd3
{[%emt 0:00:02]} 34. Re3 {[%emt 0:00:04]} Ne6 {[%emt 0:00:01]} 35. e5 {[%emt 0:
00:11]} Nxc7 {[%emt 0:00:05]} 36. Bc6 {[%emt 0:00:05]} Rxd6 {[%emt 0:00:10]}
37. exd6 {[%emt 0:00:07]} Rxe3 {[%emt 0:00:03]} 38. dxc7 {[%emt 0:00:03]} Re2+
{[%emt 0:00:26]} 39. Kg1 {[%emt 0:00:06]} Ne5 {[%emt 0:00:15]} 40. c8=Q+ {
[%emt 0:00:02]} Kg7 {[%emt 0:00:01]} 41. Bd5 {[%emt 0:00:06]} b2 {[%emt 0:00:
05]} 42. Qxa6 {[%emt 0:00:11]} f5 {[%emt 0:00:12]} 43. Qb7+ {[%emt 0:00:11]}
Kh6 {[%emt 0:00:02]} 44. Rb1 {[%emt 0:00:06]} Nd3 {[%emt 0:00:04]} 45. Bxc4 {
[%emt 0:00:03]} Re1+ {[%emt 0:00:09] '} 46. Rxe1 {[%emt 0:00:02]} Nxe1 {[%emt
0:00:00]} 47. Qxb2 {[%emt 0:00:02]} Nf3+ {[%emt 0:00:01]} 48. Kf2 {[%emt 0:00:
01]} Ne5 {[%emt 0:00:00]} 49. Qe2 {[%emt 0:00:02]} Nc6 {[%emt 0:00:12]} 50. a6
{[%emt 0:00:01]} Na7 {[%emt 0:00:02]} 51. Qe3+ {[%emt 0:00:01]} Kg7 {[%emt 0:
00:04]} 52. Qxa7+ {[%emt 0:00:00]} Kf6 {[%emt 0:00:00]} 53. Qf7+ {[%emt 0:00:
01]} Kg5 {[%emt 0:00:00]} 54. h4+ {[%emt 0:00:04]} Kg4 {[%emt 0:00:00]} 55.
Qxg6+ {[%emt 0:00:01]} Kh3 {[%emt 0:00:00]} 56. Qxf5+ {[%emt 0:00:01]} Kh2 {
[%emt 0:00:00]} 57. h5 {[%emt 0:00:02]} Kh1 {[%emt 0:00:02]} 58. Qh3# {[%emt 0:
00:02]} 1-0

[Event "Benidorm Satellite preliminary"]
[Site "playchess.com #007036"]
[Date "2009.10.24"]
[Round "4"]
[White "Palmolive"]
[Black "Matematika"]
[Result "1/2-1/2"]
[WhiteElo "2440"]
[BlackElo "2029"]
[PlyCount "120"]
[EventDate "2009.10.24"]
[EventType "swiss (blitz)"]

1. e4 {[%emt 0:00:05]} e6 {[%emt 0:00:02]} 2. d4 {[%emt 0:00:02]} d5 {[%emt 0:
00:01]} 3. Nc3 {[%emt 0:00:02]} Nf6 {[%emt 0:00:01]} 4. Bg5 {[%emt 0:00:02]}
Be7 {[%emt 0:00:01]} 5. e5 {[%emt 0:00:01]} Nfd7 {[%emt 0:00:01]} 6. h4 {[%emt
0:00:01]} h6 {[%emt 0:00:01]} 7. Bxe7 {[%emt 0:00:06]} Qxe7 {[%emt 0:00:01]} 8.
f4 {[%emt 0:00:03]} a6 {[%emt 0:00:01]} 9. Nf3 {[%emt 0:00:02]} c5 {[%emt 0:00:
01]} 10. dxc5 {[%emt 0:00:03]} Qxc5 {[%emt 0:00:05]} 11. Qd2 {[%emt 0:00:02]}
Nc6 {[%emt 0:00:03]} 12. O-O-O {[%emt 0:00:02]} Nb6 {[%emt 0:00:08]} 13. h5 {
[%emt 0:00:17]} Bd7 {[%emt 0:00:02]} 14. Nd4 {[%emt 0:00:05]} Qxd4 {[%emt 0:00:
13]} 15. Qxd4 {[%emt 0:00:02]} Nxd4 {[%emt 0:00:01]} 16. Rxd4 {[%emt 0:00:01]}
O-O-O {[%emt 0:00:01]} 17. Rh3 {[%emt 0:00:06]} f6 {[%emt 0:00:19]} 18. Rg3 {
[%emt 0:00:06]} fxe5 {[%emt 0:00:02]} 19. fxe5 {[%emt 0:00:01]} Be8 {[%emt 0:
00:09]} 20. Rxg7 {[%emt 0:00:05]} Bxh5 {[%emt 0:00:06]} 21. Rb4 {[%emt 0:01:18]
} Nd7 {[%emt 0:00:04]} 22. g4 {[%emt 0:00:11]} Be8 {[%emt 0:00:09]} 23. Re7 {
[%emt 0:00:01]} Rf8 {[%emt 0:00:19]} 24. Be2 {[%emt 0:00:10]} Nc5 {[%emt 0:00:
19]} 25. Rd4 {[%emt 0:00:07]} Bd7 {[%emt 0:00:10]} 26. b4 {[%emt 0:00:10]} Ne4
{[%emt 0:00:12]} 27. Nxe4 {[%emt 0:00:04]} dxe4 {[%emt 0:00:01]} 28. Bc4 {
[%emt 0:00:14]} Bc6 {[%emt 0:00:14]} 29. Bxe6+ {[%emt 0:00:05]} Kb8 {[%emt 0:
00:01]} 30. Rd6 {[%emt 0:00:06]} e3 {[%emt 0:00:16]} 31. Bc4 {[%emt 0:00:01]}
Bb5 {[%emt 0:00:06]} 32. Bxb5 {[%emt 0:00:05]} axb5 {[%emt 0:00:01]} 33. Kd1 {
[%emt 0:00:01]} Rc8 {[%emt 0:00:05]} 34. Rdd7 {[%emt 0:00:06]} e2+ {[%emt 0:00:
08]} 35. Ke1 {[%emt 0:00:05]} Rxc2 {[%emt 0:00:05]} 36. Rd2 {[%emt 0:00:05]}
Rxd2 {[%emt 0:00:05]} 37. Kxd2 {[%emt 0:00:01]} Rf4 {[%emt 0:00:01]} 38. Kxe2 {
[%emt 0:00:02]} Rxg4 {[%emt 0:00:01]} 39. a3 {[%emt 0:00:01]} h5 {[%emt 0:00:
02]} 40. e6 {[%emt 0:00:01]} h4 {[%emt 0:00:02]} 41. Kf3 {[%emt 0:00:01]} Rg1 {
[%emt 0:00:02]} 42. Rh7 {[%emt 0:00:02]} Re1 {[%emt 0:00:02]} 43. e7 {[%emt 0:
00:01]} Ka7 {[%emt 0:00:01]} 44. Kf2 {[%emt 0:00:02]} Re6 {[%emt 0:00:03]} 45.
Kg2 {[%emt 0:00:01]} Re3 {[%emt 0:00:04]} 46. Kh2 {[%emt 0:00:06]} Kb6 {[%emt
0:00:03]} 47. Kg2 {[%emt 0:00:03]} Kc6 {[%emt 0:00:03]} 48. Kh2 {[%emt 0:00:06]
} Kd6 {[%emt 0:00:03]} 49. e8=Q {[%emt 0:00:02]} Rxe8 {[%emt 0:00:02]} 50. Rxb7
{[%emt 0:00:01]} Kc6 {[%emt 0:00:01]} 51. Ra7 {[%emt 0:00:02]} Re3 {[%emt 0:00:
03]} 52. Ra5 {[%emt 0:00:01]} Rc3 {[%emt 0:00:03]} 53. Kg2 {[%emt 0:00:01]} Kb6
{[%emt 0:00:01]} 54. Kh2 {[%emt 0:00:01]} Rd3 {[%emt 0:00:03]} 55. Kg2 {[%emt
0:00:01]} Rg3+ {[%emt 0:00:02]} 56. Kh2 {[%emt 0:00:01]} Rc3 {[%emt 0:00:02]}
57. Kg2 {[%emt 0:00:01]} Rb3 {[%emt 0:00:02]} 58. Kh2 {[%emt 0:00:01]} Rc3 {
[%emt 0:00:01]} 59. Kg2 {[%emt 0:00:01]} Rb3 {[%emt 0:00:01]} 60. Kh2 {[%emt 0:
00:01]} Rc3 {[%emt 0:00:01]} 1/2-1/2